| 000 | 00875nam a2200265Ia 4500 | ||
|---|---|---|---|
| 003 | OSt | ||
| 005 | 20220928130651.0 | ||
| 006 | a|||||r|||| 00| 0 | ||
| 007 | ta | ||
| 008 | 220927b |||||||| |||| 00| 0 eng d | ||
| 020 | _c1983.9169999999999 | ||
| 024 | _a113231 | ||
| 037 |
_b161, 18/10/2011, Om Book Distributors _cTextual |
||
| 040 |
_aSDCL _cSDCL _beng |
||
| 041 |
_2eng _aeng |
||
| 082 | _aX:327, Q1 | ||
| 100 |
_aWeiss David S _9475358 |
||
| 245 | 0 |
_aInnovative intelligence _b The art and practice of leading sustainable innovation in your organization. |
|
| 260 |
_aOntario _bJohn Wiley _c2011 |
||
| 300 |
_axxii,282p _ccm. |
||
| 650 |
_aBusiness Economics _9391653 |
||
| 700 |
_a Legrand Claude _9475359 |
||
| 942 |
_hX:327, Q1 _cTEXL _2CC |
||
| 999 |
_c787881 _d787881 |
||